000 00482cam a2200205ua 4500
001 7574
008 141217n ii |||gr||||Z||||||asm
020 _a8126004746
040 _cMAIN
041 _aasm
082 _a920
100 _aJha, R.,
_eAuthor.
245 1 _aVidyapati
_cBy Ramanath Jha
250 _a1st.
260 _aNew Delhi:
_bSahitya akademi,
_c1998.
300 _a62p.
653 _aBiography, genealogy & insignia
653 _aAssamese biography
942 _cBK
999 _c6696
_d6696